00808nam a2200205 i 450000100060000000300090000600500170001500700030003200800410003502000180007608000460009410000380014024500770017826000980025530000300035360000470038385200330043099900170046395201220048010107ES-MaACL20230906145823.0t|950213s1994 sp ||||1| spa d a84-605-0104-3 a92 Garrígues Diaz-Cañabate, Joaquín1 aGarrigues, Luis Joaquín.95576710aImagenes de una vida b: Joaquín Garrigues / cLuis Joaquin Garrigues. a[S.l.] : bL.J. Garrigues, cD.L. 1994 (eParacuellos del Jarama, Madrid : fClosas, Orcoyen) a489 p. : bil. ; c23 cm.14aGarrigues, Joaquín (d1899-1983)9162586 aES-MaACLjL-17573 bR.123506 c10107d10107 00104070aATENEOMbATENEOMcDEPO2d2008-01-17eSCl0oL-17573p1010316r2023-02-23 00:00:00w2023-02-23yMONOGRAFIA